000 00292nam a22001337a 4500
008 170613b xxu||||| |||| 00| 0 eng d
020 _a0815772858
041 _aeng
080 _a32
100 _a19
101 _aSHP
245 _aSAUDI ARABIA IIN THE 1980S
_cQUANDT,W.B
942 _2udc
_cBK
999 _c17158
_d17158